00491nam a2200157Ia 4500008004100000082001500041100001800056245001300074250001200087260004000099300001400139600001200153942000700165952014400172999001700316250604s9999 xx 000 0 und d a954.91 STE aStephens, Ian 0aPakistan a3rd ed. aLondon:bErnest Benn Limited,c1967 aix, 304p. aHistory cGB 00104070aUITUbUITUcGIFd2025-06-04eGifted by Anonymousl0o954.91 STEpG220r2025-06-04 16:03:08w2025-06-04yGBzGifted by Anonymous c31388d31388